Statistiques concernant Top 100 Villes les plus peuplées du monde en 2100

Cliquez ici pour prendre le quiz!

Statistiques générales

  • Ce quiz a été pris 204 fois
  • Le résultat moyen est 38 sur 100

Statistiques - réponses

Population (en millions)VillesContinent% Correct
41Le CaireAfrique
90%
30New YorkAmérique du Nord
90%
16PékinAsie
90%
12ParisEurope
88%
26TokyoAsie
87%
10LondresEurope
84%
57New DelhiAsie
84%
20Los AngelesAmérique du Nord
83%
21ShanghaiAsie
81%
88LagosAfrique
80%
84KinshasaAfrique
77%
8MoscouEurope-Asie
77%
20Rio de JaneiroAmérique du Sud
75%
22MexicoAmérique du Nord
74%
15IstanbulEurope-Asie
73%
67MumbaiAsie
73%
19São PauloAmérique du Sud
71%
18JakartaAsie
67%
17Buenos AiresAmérique du Sud
65%
54DaccaAsie
64%
15ChicagoAmérique du Nord
63%
47NairobiAfrique
59%
52CalcuttaAsie
58%
21DakarAfrique
58%
20AbidjanAfrique
56%
11BogotaAmérique du Sud
56%
12BangkokAsie
55%
36Addis AbebaAfrique
53%
13LimaAmérique du Sud
53%
8TéhéranAsie
52%
40ManilleAsie
51%
23BamakoAfrique
50%
15AlexandrieAfrique
49%
11Hong KongAsie
49%
34BagdadAsie
48%
57KhartoumAfrique
48%
24LuandaAfrique
48%
11AccraAfrique
47%
74Dar es SalaamAfrique
47%
8OsakaAsie
47%
9MiamiAmérique du Nord
46%
8TorontoAmérique du Nord
46%
49KarachiAsie
45%
19AbujaAfrique
41%
56NiameyAfrique
41%
13HanoiAsie
40%
9RiyadAsie
40%
8DallasAmérique du Nord
38%
27LahoreAsie
37%
36MogadiscioAfrique
37%
25BangaloreAsie
36%
40KampalaAfrique
36%
16Ho-Chi-Minh-VilleAsie
35%
10WuhanAsie
35%
50KaboulAsie
32%
26ChennaiAsie
31%
28KanoAfrique
30%
11ShenzhenAsie
30%
10LoméAfrique
29%
38LusakaAfrique
29%
21MaputoAfrique
27%
29N'DjaménaAfrique
27%
18KigaliAfrique
26%
21AntananarivoAfrique
25%
21OuagadougouAfrique
25%
17ConakryAfrique
23%
9PhiladelphieAmérique du Nord
21%
10DoualaAfrique
20%
23HyderabadAsie
19%
10TianjinAsie
17%
20AhmedabadAsie
16%
27Sana'aAsie
16%
17PuneAsie
15%
24IbadanAfrique
14%
41LilongweAfrique
13%
19ChittagongAsie
12%
9ChongqingAsie
12%
13GuangzhouAsie
12%
11MonroviaAfrique
12%
11JaipurAsie
11%
14Phnom PenhAsie
10%
15SurateAsie
7%
11Benin CityAfrique
6%
15LubumbashiAfrique
6%
14MombasaAfrique
6%
9Port HarcourtAfrique
6%
11YangonAsie
5%
8AlepAsie
4%
10LucknowAsie
4%
9NagpurAsie
4%
41BlantyreAfrique
3%
11FaisalabadAsie
3%
11GizahAfrique
2%
12KanpurAsie
2%
8PatnaAsie
2%
13KadunaAfrique
1%
14Mbuji-MayiAfrique
1%
9MosülAsie
1%
11TaïzAsie
1%
12Al-HodeïdaAsie
0%

Distribution des résultats

Percentile par nombre de réponses

% des personnes avec chaque résultat

Votre développement - résultats

Vous n’avez pas pris ce quiz